Lattices & Boolean Algebras (Record no. 189)
[ view plain ]
| 000 -LEADER | |
|---|---|
| fixed length control field | 00359nam a2200157Ia 4500 |
| 008 - FIXED-LENGTH DATA ELEMENTS--GENERAL INFORMATION | |
| fixed length control field | 221030s9999 xx 000 0 und d |
| 020 ## - INTERNATIONAL STANDARD BOOK NUMBER | |
| ISBN | 0706994361 |
| 041 ## - LANGUAGE CODE | |
| Language code of text/sound track or separate title | |
| 082 ## - DEWEY DECIMAL CLASSIFICATION NUMBER | |
| Classification number | 105.23 |
| Item number | Kha |
| 100 ## - MAIN ENTRY--AUTHOR NAME | |
| Personal name | V. K. Khanna |
| 245 #0 - TITLE STATEMENT | |
| Title | Lattices & Boolean Algebras |
| 260 ## - PUBLICATION, DISTRIBUTION, ETC. (IMPRINT) | |
| Name of publisher | Vikas Pub. |
| Year of publication | 2000 |
| 300 ## - PHYSICAL DESCRIPTION | |
| Number of Pages | 148 |
| 650 ## - SUBJECT ADDED ENTRY--TOPICAL TERM | |
| Topical Term | BE Mathematics |
| 942 ## - ADDED ENTRY ELEMENTS (KOHA) | |
| Koha item type | Books |
| Accession Number | Cost, normal purchase price | Full call number | Price effective from | Koha item type | Withdrawn / writtenoff status | Materials specified (bound volume or other part) | Damaged status | Not for loan | Permanent Location | Current Location | Shelving location | Date acquired | Lost/ Missing status | department |
|---|---|---|---|---|---|---|---|---|---|---|---|---|---|---|
| BE 2434 | 75.00 | 105.23 Kha | 10/30/2022 | Books | MIET Library, Jammu | MIET Library, Jammu | BL-Academic Block- A, FL-1, CUP-3, SH-4, R-4 | 01/24/2001 | BE | |||||
| BE 2436 | 75.00 | 105.23 Kha | 10/30/2022 | Books | MIET Library, Jammu | MIET Library, Jammu | BL-Academic Block- A, FL-1, CUP-3, SH-4, R-4 | 01/24/2001 | BE | |||||
| BE 1878 | 75.00 | 105.23 | 10/30/2022 | Books | MIET Library, Jammu | MIET Library, Jammu | BL-Academic Block- A, FL-1, CUP-3, SH-4, R-4 | 09/15/2000 | BE | |||||
| BE 1879 | 75.00 | 105.23 Kha | 10/30/2022 | Books | MIET Library, Jammu | MIET Library, Jammu | BL-First, FL-1, CUP-3, SH-4, R-4 | 09/15/2000 | BE | |||||
| BE 1880 | 75.00 | 105.23 Kha | 10/30/2022 | Books | MIET Library, Jammu | MIET Library, Jammu | BL-Academic Block- A, FL-1, CUP-3, SH-4, R-4 | 09/15/2000 | BE | |||||
| BE 1881 | 75.00 | 105.23 Kha | 10/30/2022 | Books | Not For Loan | MIET Library, Jammu | MIET Library, Jammu | BL-Second, FL-1, CUP-17, SH-1, R-1 | 09/15/2000 | BE | ||||
| BE 1882 | 75.00 | 105.23 Kha | 10/30/2022 | Books | MIET Library, Jammu | MIET Library, Jammu | BL-Academic Block- A, FL-1, CUP-3, SH-4, R-4 | 09/15/2000 | BE | |||||
| BE 2432 | 75.00 | 105.23 Kha | 10/30/2022 | Books | MIET Library, Jammu | MIET Library, Jammu | BL-Academic Block- A, FL-1, CUP-3, SH-4, R-4 | 01/24/2001 | BE | |||||
| BE 2433 | 75.00 | 105.23 Kha | 10/30/2022 | Books | MIET Library, Jammu | MIET Library, Jammu | BL-First, FL-1, CUP-3, SH-4, R-4 | 01/24/2001 | BE | |||||
| BE 2435 | 75.00 | 105.23 Kha | 10/30/2022 | Books | MIET Library, Jammu | MIET Library, Jammu | BL-Academic Block- A, FL-1, CUP-3, SH-4, R-4 | 01/24/2001 | BE |